00428cam a2200169ua 4500001000400000008003900004020001800043040000900061082001200070245004200082250000900124260003800133300002000171653002300191653002300214700002100237893110421n ii |||gr||||Z||||||eng a0-86131-359-3 cMAIN a320.9541 aPolitics in India.cBy Rajni Kothari. a1st. aNew Delhi.:bOrient longman.,986. a461 p.:c20 cm. aPolitical science. aPolitics in India. aKothari, Ranji.,